000 00697nam a2200217Ia 4500
003 OSt
005 20230626113645.0
008 210423s9999 xx 000 0 und d
020 _a8189301063
040 _cAL
041 _aeng
082 _a510.02
_223
_bTRIA
100 _aTRIPATHI (Akhilesh Mani);KUSHWAHA (Sunil).
_995243
245 _aTruemans specific series UGC-CSIR NET for JRF/lectureship mathematical sciences.
260 _bDanika publishing company
_aNew Delhi
_c2013
300 _aviii,911
_bPB
365 _b550
_cINR
650 _aMathematics
_995244
906 _aJRF/lectureship ; mathematical ; NET ; sciences. ; series ; specific ; Truemans ; UGC-CSIR
942 _2ddc
_cBK
999 _c161345
_d161345